[Event "FRA-ch rapid (Women)"]
[Site "Monteux"]
[Date "2016.06.12"]
[Round "7"]
[White "Milliet, Sophie"]
[Black "Forgues, Valerie"]
[Result "1-0"]
[WhiteElo "2338"]
[BlackElo "1919"]
[PlyCount "115"]
[EventDate "2016.06.11"]
[EventType "swiss (rapid)"]
[EventRounds "9"]
[EventCountry "FRA"]
[SourceTitle "CBM 173 Extra"]
[Source "ChessBase"]
[SourceDate "2016.08.29"]
[SourceVersion "1"]
[SourceVersionDate "2016.08.29"]
[SourceQuality "1"]

1. e4 e5 2. Nf3 Nc6 3. Bc4 Bc5 4. 0-0 Nf6 5. d3 d6 6. c3 0-0 7. Bb3 h6 8. Re1 Bg4 9. h3 Bh5 10. Nbd2 Re8 11. Nf1 d5 12. exd5 Nxd5 13. Ng3 Bg6 14. d4 Bf8 15. dxe5 Nb6 16. Bf4 Na5 17. Qxd8 Raxd8 18. e6 Nxb3 19. axb3 Nd5 20. exf7+ Bxf7 21. Be5 Bc5 22. Nf5 Bg6 23. Nxg7 Re7 24. Rad1 Bc2 25. Rd2 Bxb3 26. c4 Bxc4 27. Rc1 b5 28. b3 Ba3 29. Rb1 Bb4 30. bxc4 Bxd2 31. cxd5 Rxd5 32. Bf6 Rf7 33. Bb2 Ba5 34. Rc1 Rxg7 35. Bxg7 Kxg7 36. g4 c5 37. Nh4 Kf6 38. Nf5 Kg5 39. Ne3 Re5 40. Ng2 Kf6 41. f4 Rd5 42. Ne3 Rd3 43. Nf5 Rxh3 44. Kg2 Ra3 45. Rxc5 a6 46. Rc6+ Kf7 47. Nxh6+ Ke7 48. Nf5+ Kf7 49. Rxa6 Bb4 50. Rb6 Be1 51. Rxb5 Ra4 52. Kf3 Bd2 53. Nd6+ Ke7 54. Ne4 Bc1 55. Re5+ Kf7 56. g5 Kg6 57. Re6+ Kf5 58. Rf6# 1-0

[Event "Barcelona Sants op 15th"]
[Site "Barcelona"]
[Date "2013.08.31"]
[Round "9"]
[White "Forgues, Valerie"]
[Black "Martinez Ayesa, Aitor"]
[Result "0-1"]
[WhiteElo "1976"]
[BlackElo "1938"]
[PlyCount "66"]
[EventDate "2013.08.23"]
[EventType "swiss"]
[EventRounds "10"]
[EventCountry "ESP"]
[SourceTitle "EXT 2014"]
[Source "ChessBase"]
[SourceDate "2013.11.20"]
[SourceVersion "1"]
[SourceVersionDate "2013.11.20"]
[SourceQuality "1"]

1. e4 c5 2. Nf3 e6 3. d4 cxd4 4. Nxd4 a6 5. Nc3 b5 6. e5 Bb7 7. Qd3 Qc7 8. f4 Nc6 9. Be3 Rc8 10. Rc1 Nh6 11. Nf3 Nf5 12. Bf2 h5 13. Be2 d6 14. Nh4 Nxh4 15. Bxh4 dxe5 16. f5 exf5 17. Qxf5 Nd4 18. Qh3 Bb4 19. Bd1 Qc4 20. Bg5 Bxc3+ 21. bxc3 Qxc3+ 22. Qxc3 Rxc3 23. 0-0 Bd5 24. a4 bxa4 25. Ra1 Bc6 26. Bd2 Rc4 27. Rb1 Bb5 28. Re1 f6 29. c3 Nc6 30. Be2 Rc5 31. Be3 Rxc3 32. Bxb5 axb5 33. Rxb5 0-0 0-1

[Event "FRA-chT Top 12 (Women)"]
[Site "Archamps"]
[Date "2013.02.17"]
[Round "5.4"]
[White "Zickelbein, Eva Maria"]
[Black "Forgues, Valerie"]
[Result "1/2-1/2"]
[WhiteElo "2081"]
[BlackElo "1962"]
[PlyCount "107"]
[EventDate "2013.02.15"]
[EventType "team-swiss"]
[EventRounds "5"]
[EventCountry "FRA"]
[SourceTitle "CBM 152 Extra"]
[Source "ChessBase"]
[SourceDate "2013.02.25"]
[SourceVersion "1"]
[SourceVersionDate "2013.02.25"]
[SourceQuality "1"]
[WhiteTeam "Naujac (W)"]
[BlackTeam "Toulouse (W)"]
[WhiteTeamCountry "FRA"]
[BlackTeamCountry "FRA"]

1. e4 e5 2. Nf3 Nc6 3. d4 exd4 4. Bc4 Nf6 5. e5 d5 6. Bb5 Ne4 7. Nxd4 Bd7 8. Nxc6 bxc6 9. Bd3 Nc5 10. Be2 Be7 11. 0-0 0-0 12. b4 Nb7 13. Ba6 Qb8 14. c3 Nd8 15. Be3 f6 16. exf6 Bxf6 17. Qc2 Nf7 18. Nd2 Nd6 19. Bd3 h6 20. Nb3 Nb5 21. Nc5 Bc8 22. Bd2 a5 23. a4 Nd6 24. Rab1 axb4 25. Rxb4 Qa7 26. Be3 d4 27. Bxd4 Bxd4 28. cxd4 Kh8 29. Re1 Qa5 30. Reb1 Nf5 31. Qc4 Ne7 32. Be4 Rf6 33. Bf3 Bf5 34. Rb8+ Rxb8 35. Rxb8+ Kh7 36. Qb4 Qxb4 37. Rxb4 Nd5 38. Rb8 Nc3 39. Rb3 Nd5 40. a5 Rf8 41. Rb7 Ra8 42. Bxd5 cxd5 43. Rxc7 Rxa5 44. f3 Ra1+ 45. Kf2 Ra2+ 46. Kg3 Rd2 47. Kf4 Bb1 48. g4 Rxd4+ 49. Ke5 Rd2 50. Ne6 Re2+ 51. Kd6 Kh8 52. Rc8+ Kh7 53. Rc7 Kh8 54. Rc8+ 1/2-1/2

[Event "FRA-ch op-B"]
[Site "Pau"]
[Date "2012.08.17"]
[Round "4"]
[White "Forgues, Valerie"]
[Black "Lagunes, Robin"]
[Result "1-0"]
[WhiteElo "1940"]
[BlackElo "1814"]
[PlyCount "75"]
[EventDate "2012.08.14"]
[EventType "swiss"]
[EventRounds "11"]
[EventCountry "FRA"]
[SourceTitle "EXT 2013"]
[Source "ChessBase"]
[SourceDate "2012.11.22"]
[SourceVersion "1"]
[SourceVersionDate "2012.11.22"]
[SourceQuality "1"]

1. e4 Nf6 2. e5 Nd5 3. d4 d6 4. Nf3 Bg4 5. h3 Bh5 6. c4 Nb6 7. exd6 cxd6 8. Nc3 h6 9. b3 g5 10. Bb2 Bg7 11. Be2 Nc6 12. Ne4 f5 13. Ng3 Bxf3 14. Bxf3 Rf8 15. Qd2 Qc7 16. 0-0-0 0-0-0 17. Rhe1 e5 18. d5 Nd4 19. Bxd4 exd4 20. Ne2 Be5 21. Kb1 Bh8 22. Nxd4 Qg7 23. Re6 g4 24. hxg4 fxg4 25. Be2 Rxf2 26. Qe3 g3 27. Re7 Qg6+ 28. Bd3 Qh5 29. Re1 Bxd4 30. Qxd4 Qg5 31. Rg7 Qd2 32. Bf5+ Kb8 33. Qxd2 Rxd2 34. Ree7 Nc8 35. Rxb7+ Ka8 36. Bxc8 Rf8 37. Rbf7 Re8 38. Be6 1-0

[Event "FRA-chB (Women)"]
[Site "Nimes"]
[Date "2009.08.20"]
[Round "9"]
[White "Roumegous, Marina"]
[Black "Forgues, Valerie"]
[Result "1-0"]
[WhiteElo "2220"]
[BlackElo "2010"]
[PlyCount "93"]
[EventDate "2009.08.10"]
[EventType "tourn"]
[EventRounds "11"]
[EventCountry "FRA"]
[SourceTitle "CBM 132 Extra"]
[Source "ChessBase"]
[SourceDate "2009.11.03"]
[SourceVersion "1"]
[SourceVersionDate "2009.11.03"]
[SourceQuality "1"]

1. d4 Nf6 2. Bg5 e6 3. e3 b6 4. Nd2 d5 5. Bd3 Bb7 6. Ngf3 Nbd7 7. Ne5 h6 8. Bxf6 gxf6 9. Nef3 Bd6 10. Qe2 Qe7 11. 0-0-0 0-0-0 12. Kb1 Rhg8 13. Rhg1 Kb8 14. Rc1 c5 15. Ba6 f5 16. Bxb7 Kxb7 17. c4 dxc4 18. Nxc4 Bc7 19. e4 fxe4 20. Qxe4+ Kb8 21. Nce5 Nxe5 22. Nxe5 Bxe5 23. Qxe5+ Qd6 24. Qxd6+ Rxd6 25. dxc5 bxc5 26. Rxc5 Rd2 27. Rc2 Rd5 28. g3 Rh5 29. f4 Rf5 30. Rd1 h5 31. Rd3 h4 32. Rb3+ Ka8 33. Rc7 a5 34. a3 hxg3 35. hxg3 Re8 36. Rbb7 f6 37. Ka2 Rg8 38. Ra7+ Kb8 39. Rcb7+ Kc8 40. Re7 Kb8 41. Rad7 Kc8 42. Rd3 e5 43. Rd5 Rxg3 44. Rxa5 Kb8 45. fxe5 Rgg5 46. exf6 Rxa5 47. f7 1-0

[Event "FRA-chB (Women)"]
[Site "Nimes"]
[Date "2009.08.13"]
[Round "3"]
[White "Forgues, Valerie"]
[Black "Armas, Lara Maria"]
[Result "0-1"]
[WhiteElo "2010"]
[BlackElo "1948"]
[PlyCount "116"]
[EventDate "2009.08.10"]
[EventType "tourn"]
[EventRounds "11"]
[EventCountry "FRA"]
[SourceTitle "CBM 132 Extra"]
[Source "ChessBase"]
[SourceDate "2009.11.03"]
[SourceVersion "1"]
[SourceVersionDate "2009.11.03"]
[SourceQuality "1"]

1. e4 c5 2. Nf3 d6 3. d4 cxd4 4. Nxd4 Nf6 5. Nc3 a6 6. Be2 e5 7. Nb3 Be7 8. 0-0 Be6 9. Kh1 0-0 10. f4 Qc7 11. f5 Bc4 12. g4 d5 13. g5 Nxe4 14. Nxe4 dxe4 15. Bxc4 Qxc4 16. f6 Bb4 17. fxg7 Kxg7 18. Be3 Nc6 19. c3 Rad8 20. Qh5 Be7 21. Rf2 Rd3 22. Nd2 Qe6 23. Re1 Qg6 24. Qxg6+ Kxg6 25. Nxe4 Rfd8 26. h4 Rd1 27. Rxd1 Rxd1+ 28. Kg2 Re1 29. Kf3 Rh1 30. Kg4 Re1 31. h5+ Kg7 32. Ng3 Kg8 33. Kf3 Na5 34. b3 Nc6 35. Nf5 Bf8 36. Re2 Rf1+ 37. Rf2 Re1 38. Ng3 Be7 39. Rd2 Rxe3+ 40. Kxe3 Bxg5+ 41. Kd3 Bxd2 42. Kxd2 Kf8 43. Nf5 Ne7 44. Nd6 b5 45. c4 bxc4 46. Nxc4 Nc6 47. Ke3 Ke7 48. Ke4 Ke6 49. Ne3 Nd4 50. Nc4 f5+ 51. Ke3 Nb5 52. Nd2 f4+ 53. Kd3 Nd6 54. b4 Kd5 55. a4 e4+ 56. Ke2 Nf5 57. Ke1 Nd4 58. Nf1 e3 0-1

[Event "FRA-ch U18 Girls"]
[Site "Aix les Bains"]
[Date "2009.04.19"]
[Round "1"]
[White "Forgues, Valerie"]
[Black "Dubois, Emmanuelle"]
[Result "1-0"]
[WhiteElo "2037"]
[BlackElo "1757"]
[PlyCount "65"]
[EventDate "2009.04.19"]
[EventType "swiss"]
[EventRounds "9"]
[EventCountry "FRA"]
[SourceTitle "CBM 130 Extra"]
[Source "ChessBase"]
[SourceDate "2009.07.02"]
[SourceVersion "2"]
[SourceVersionDate "2009.07.15"]
[SourceQuality "1"]

1. e4 c5 2. Nf3 Nc6 3. d4 cxd4 4. Nxd4 Nf6 5. Nc3 e5 6. Ndb5 d6 7. Bg5 a6 8. Na3 b5 9. Nd5 Be7 10. Bxf6 Bxf6 11. c4 bxc4 12. Bxc4 0-0 13. 0-0 Nd4 14. Nc2 Nxc2 15. Qxc2 Bb7 16. Qd3 Bxd5 17. Bxd5 Rb8 18. Qxa6 Rxb2 19. Rab1 Rxb1 20. Rxb1 Qc7 21. Qb7 Qa5 22. g3 Bg5 23. Qb4 Qc7 24. Qb7 Bd8 25. a4 Qa5 26. Qc6 Qc7 27. Rb7 Qxc6 28. Bxc6 f5 29. Bd5+ Kh8 30. exf5 Rxf5 31. Rb8 Rf8 32. a5 g6 33. a6 1-0

[Event "Ouest Toulousain op-A 4th"]
[Site "Tournefeuille"]
[Date "2009.02.20"]
[Round "7"]
[White "Forgues, Valerie"]
[Black "Vilaisarn, Akkhavanh"]
[Result "0-1"]
[WhiteElo "2011"]
[BlackElo "2253"]
[PlyCount "88"]
[EventDate "2009.02.16"]
[EventType "swiss"]
[EventRounds "9"]
[EventCountry "FRA"]
[SourceTitle "CBM 128 Extra"]
[Source "ChessBase"]
[SourceDate "2009.03.05"]
[SourceVersion "2"]
[SourceVersionDate "2009.03.25"]
[SourceQuality "1"]

1. e4 e6 2. d4 d5 3. Nd2 Nf6 4. e5 Nfd7 5. Bd3 b6 6. c3 Ba6 7. Bc2 c5 8. Ne2 Be7 9. Nf3 Nc6 10. 0-0 cxd4 11. cxd4 Nf8 12. Re1 Ng6 13. a3 0-0 14. Be3 Na5 15. b3 Rc8 16. Qd2 Bb5 17. Rec1 Rxc2 18. Qxc2 Bxe2 19. Qxe2 Nxb3 20. Qa6 Nxa1 21. Rxa1 Qd7 22. Rc1 Nh4 23. Nxh4 Bxh4 24. Bd2 Be7 25. Bb4 g6 26. Bxe7 Qxe7 27. g3 f6 28. Rc8 fxe5 29. dxe5 Qd7 30. Rxf8+ Kxf8 31. Qd3 Ke8 32. Qc3 d4 33. Qd3 Qd5 34. f4 b5 35. Kf2 Kd7 36. Ke2 Kc6 37. Kd2 Qg2+ 38. Kd1 Kc5 39. Qb3 Qf1+ 40. Kd2 Qf2+ 41. Kd1 Qg1+ 42. Kd2 Qxh2+ 43. Ke1 Qg1+ 44. Ke2 Qe3+ 0-1

[Event "Wch U16 Girls"]
[Site "Vung Tau"]
[Date "2008.10.24"]
[Round "6"]
[White "Forgues, Valerie"]
[Black "Pavlidou, Ekaterini"]
[Result "0-1"]
[WhiteElo "2012"]
[BlackElo "2139"]
[PlyCount "98"]
[EventDate "2008.10.20"]
[EventType "swiss"]
[EventRounds "11"]
[EventCountry "VIE"]
[SourceTitle "EXT 2009"]
[Source "ChessBase"]
[SourceDate "2008.11.26"]
[SourceVersion "1"]
[SourceVersionDate "2008.11.26"]
[SourceQuality "1"]

1. e4 c5 2. Nf3 e6 3. d4 cxd4 4. Nxd4 Nf6 5. Nc3 Nc6 6. Ndb5 Bc5 7. Bf4 0-0 8. Bc7 Qe7 9. Bd6 Bxd6 10. Qxd6 Qd8 11. Be2 a6 12. Nd4 Qb6 13. Nb3 Rd8 14. 0-0 Ne8 15. Qf4 d6 16. Rad1 Qc7 17. Rd3 b5 18. a4 b4 19. Nb1 Ne5 20. Rd2 Bd7 21. a5 Nc4 22. Bxc4 Qxc4 23. Rc1 e5 24. Qe3 Be6 25. Rd3 Rac8 26. N1d2 Qb5 27. c3 Rc7 28. cxb4 Rxc1+ 29. Nxc1 Qxb4 30. Ncb3 Rc8 31. Rc3 Rxc3 32. Qxc3 Qxc3 33. bxc3 Nf6 34. c4 Kf8 35. f3 Ke7 36. c5 Kd7 37. Kf2 Kc6 38. cxd6 Kxd6 39. Ke3 Nd7 40. Kd3 Nc5+ 41. Kc3 Nxb3 42. Nxb3 Bxb3 43. Kxb3 Kc5 44. Ka4 Kc4 45. g3 g5 46. h4 gxh4 47. gxh4 h5 48. Ka3 Kb5 49. Kb3 f6 0-1

[Event "EU-ch U16 Girls 18th"]
[Site "Herceg Novi"]
[Date "2008.09.17"]
[Round "3"]
[White "Forgues, Valerie"]
[Black "Savina, Anastasia"]
[Result "1/2-1/2"]
[WhiteElo "1999"]
[BlackElo "2269"]
[PlyCount "83"]
[EventDate "2008.09.15"]
[EventType "swiss"]
[EventRounds "9"]
[EventCountry "MNE"]
[SourceTitle "CBM 126 Extra"]
[Source "ChessBase"]
[SourceDate "2008.11.05"]
[SourceVersion "1"]
[SourceVersionDate "2008.11.05"]
[SourceQuality "1"]

1. e4 c5 2. Nf3 Nc6 3. d4 cxd4 4. Nxd4 e5 5. Nb5 d6 6. c4 Be7 7. N1c3 a6 8. Na3 f5 9. exf5 Bxf5 10. Bd3 Be6 11. Nc2 Nf6 12. 0-0 0-0 13. Nd5 Rb8 14. Nce3 Nd4 15. b3 b5 16. Bb2 Nxd5 17. Nxd5 Bg5 18. Qh5 Bh6 19. Rae1 Bf7 20. Qg4 Ne6 21. f4 Nc5 22. Be2 Bxd5 23. cxd5 Bxf4 24. b4 Na4 25. Bc1 Qc8 26. Bxf4 Qxg4 27. Bxg4 Rxf4 28. Rxf4 exf4 29. Rc1 Kf7 30. Rc6 Rd8 31. Rxa6 Kf6 32. Rc6 Ke5 33. Be6 Ra8 34. Rc7 Nb2 35. Rxg7 Rxa2 36. Rxh7 Nd3 37. h4 Nxb4 38. Rb7 Nxd5 39. Bxd5 Kxd5 40. Rxb5+ Ke6 41. h5 d5 42. h6 1/2-1/2

[Event "EU-ch U16 Girls 18th"]
[Site "Herceg Novi"]
[Date "2008.09.16"]
[Round "2"]
[White "Kazimova, Narmin Nizami Qizi"]
[Black "Forgues, Valerie"]
[Result "1/2-1/2"]
[WhiteElo "2148"]
[BlackElo "1999"]
[PlyCount "118"]
[EventDate "2008.09.15"]
[EventType "swiss"]
[EventRounds "9"]
[EventCountry "MNE"]
[SourceTitle "CBM 126 Extra"]
[Source "ChessBase"]
[SourceDate "2008.11.05"]
[SourceVersion "1"]
[SourceVersionDate "2008.11.05"]
[SourceQuality "1"]

1. d4 Nf6 2. Nf3 e6 3. c4 Bb4+ 4. Bd2 Qe7 5. Qc2 b6 6. e4 Bxd2+ 7. Nbxd2 d6 8. e5 dxe5 9. dxe5 Nfd7 10. Qe4 c6 11. Qg4 f6 12. exf6 Nxf6 13. Qg5 0-0 14. Be2 Nbd7 15. 0-0 Bb7 16. Rfe1 Rae8 17. Bd3 Qb4 18. Rab1 Qa4 19. Qh4 Nc5 20. Bf1 Qc2 21. Re3 a5 22. Rc3 Qg6 23. Re1 Nfd7 24. Rce3 Rf6 25. Qg5 Qc2 26. R1e2 Qg6 27. Qxg6 Rxg6 28. g3 Rf6 29. Bg2 Nb8 30. Ne5 Rd8 31. f4 Rd6 32. h4 Nba6 33. a3 a4 34. b4 axb3 35. Nxb3 Rf8 36. Nf3 h6 37. Nbd4 Nc7 38. Bh3 Bc8 39. Kh2 Rfd8 40. Nb3 N7a6 41. Ne5 Bb7 42. Bg4 Rd1 43. Rb2 Na4 44. Bxe6+ Kh7 45. Bf5+ Kg8 46. Rbe2 Rf1 47. Ng6 Nc7 48. Kg2 Rfd1 49. Re1 c5+ 50. Kh3 Rxe1 51. Rxe1 Bf3 52. Re7 Ne8 53. Bd7 Nf6 54. Bxa4 Rd1 55. g4 Ne4 56. Re8+ Kh7 57. Nf8+ Kg8 58. Nd7+ Kh7 59. Nf8+ Kg8 1/2-1/2

[Event "Moscow Dvorkovich Cup U16 3rd"]
[Site "Moscow"]
[Date "2008.07.??"]
[Round "4"]
[White "Kocheev, Aleksandr"]
[Black "Forgues, Valerie"]
[Result "1-0"]
[WhiteElo "2083"]
[BlackElo "1999"]
[PlyCount "79"]
[EventDate "2008.07.??"]
[EventType "team-tourn"]
[EventRounds "12"]
[EventCountry "RUS"]
[SourceTitle "CBM 125 Extra"]
[Source "ChessBase"]
[SourceDate "2008.09.01"]
[SourceVersion "1"]
[SourceVersionDate "2008.09.01"]
[SourceQuality "1"]

1. e4 e5 2. Nf3 Nc6 3. Nc3 Nf6 4. d4 exd4 5. Nxd4 Bb4 6. Nxc6 bxc6 7. Bd3 d5 8. exd5 cxd5 9. 0-0 0-0 10. Bg5 c6 11. Qf3 Bd6 12. Rae1 Rb8 13. Nd1 h6 14. Bh4 Rb4 15. Bxf6 Qxf6 16. Qxf6 gxf6 17. c3 Rb6 18. Re2 Be6 19. Ne3 Rfb8 20. b3 h5 21. f4 a5 22. g3 Ra8 23. Bc2 Bc5 24. Kg2 Kh8 25. f5 Bd7 26. Rf4 Kg7 27. Rh4 Rh8 28. Kf3 Rbb8 29. Ng2 Kh6 30. Nf4 Kg5 31. Nh3+ Kh6 32. g4 Kg7 33. gxh5 Kh6 34. Ra4 Ra8 35. Nf2 Rhg8 36. Ng4+ Kg5 37. Rg2 Bxf5 38. h4+ Kxh4 39. Nxf6+ Kh3 40. Bxf5+ 1-0

[Event "FRA-ch U16 Girls"]
[Site "La Roche sur Yon"]
[Date "2008.04.26"]
[Round "8"]
[White "Forgues, Valerie"]
[Black "Muller, Marion"]
[Result "1-0"]
[WhiteElo "1970"]
[BlackElo "1815"]
[PlyCount "139"]
[EventDate "2008.04.21"]
[EventType "swiss"]
[EventRounds "9"]
[EventCountry "FRA"]
[SourceTitle "EXT 2010"]
[Source "ChessBase"]
[SourceDate "2010.11.25"]
[SourceVersion "1"]
[SourceVersionDate "2010.11.25"]
[SourceQuality "1"]

1. e4 c6 2. d4 d5 3. Nc3 dxe4 4. Nxe4 Bf5 5. Ng3 Bg6 6. h4 h6 7. Nh3 Nf6 8. Nf4 Bh7 9. Bc4 e6 10. 0-0 Nd5 11. Qg4 Nxf4 12. Bxf4 Nd7 13. Be5 Nf6 14. Qe2 Bd6 15. Rad1 0-0 16. Rfe1 Qe7 17. Bd3 Bxd3 18. Rxd3 Rfd8 19. Rb3 Rd7 20. Rf3 Ng4 21. Rf4 Nxe5 22. dxe5 Bc7 23. Nh5 Kh8 24. Rg4 Rg8 25. Qe3 Bb6 26. Qf4 Rd4 27. Re4 Rd1+ 28. Kh2 Rf1 29. Re2 Qc5 30. Qxf7 Rxf2 31. Qxf2 Qxf2 32. Rxf2 Bxf2 33. Rf4 Be3 34. Rf7 b5 35. Re7 Bd4 36. Rxe6 Bxb2 37. Kh3 b4 38. Re7 a5 39. e6 g6 40. Nf4 g5 41. Nd3 Bd4 42. Rd7 Bf6 43. Rf7 Bg7 44. hxg5 hxg5 45. Rc7 Re8 46. Rxc6 Bf6 47. Nc5 Kg8 48. Ne4 Kg7 49. Kg4 Be7 50. Nxg5 Rd8 51. Nf3 Kf6 52. Ra6 Rd5 53. Kf4 Rd6 54. Rxa5 Rxe6 55. Nd4 Bd6+ 56. Kf3 Re1 57. Ra6 Ke5 58. Ne2 Rf1+ 59. Ke3 Bc5+ 60. Kd2 Rf2 61. g3 Ke4 62. Re6+ Kd5 63. Rg6 Ke4 64. Rg4+ Kd5 65. Ke1 Rf3 66. Nf4+ Kd6 67. Nd3 Rf5 68. Nxb4 Bxb4+ 69. Rxb4 Rc5 70. Kd2 1-0

[Event "FRA-ch U16 Girls"]
[Site "La Roche sur Yon"]
[Date "2008.04.25"]
[Round "7"]
[White "Auvray, Juliette"]
[Black "Forgues, Valerie"]
[Result "0-1"]
[WhiteElo "1890"]
[BlackElo "1970"]
[PlyCount "60"]
[EventDate "2008.04.21"]
[EventType "swiss"]
[EventRounds "9"]
[EventCountry "FRA"]
[SourceTitle "EXT 2010"]
[Source "ChessBase"]
[SourceDate "2010.11.25"]
[SourceVersion "1"]
[SourceVersionDate "2010.11.25"]
[SourceQuality "1"]

1. e4 e5 2. Nf3 Nc6 3. Nc3 Nf6 4. d4 exd4 5. Nxd4 Bb4 6. Nxc6 bxc6 7. Bd3 d5 8. exd5 cxd5 9. 0-0 0-0 10. Bg5 c6 11. Na4 Bd6 12. c4 Bc7 13. Bh4 Be6 14. Rc1 Rb8 15. b3 Be5 16. Re1 Qd6 17. Bg3 Bxg3 18. hxg3 Rfd8 19. Qc2 h6 20. Red1 Qe5 21. Qe2 Qg5 22. cxd5 cxd5 23. Nc5 Bf5 24. Bxf5 Qxf5 25. Qe7 Re8 26. Qxa7 Ra8 27. Qc7 Rxa2 28. Nd3 Ng4 29. Rc2 Rxc2 30. Qxc2 Qh5 0-1

[Event "FRA-ch U16 Girls"]
[Site "La Roche sur Yon"]
[Date "2008.04.25"]
[Round "6"]
[White "Forgues, Valerie"]
[Black "Berthelot, Maeva"]
[Result "1-0"]
[WhiteElo "1970"]
[BlackElo "1787"]
[PlyCount "39"]
[EventDate "2008.04.21"]
[EventType "swiss"]
[EventRounds "9"]
[EventCountry "FRA"]
[SourceTitle "EXT 2010"]
[Source "ChessBase"]
[SourceDate "2010.11.25"]
[SourceVersion "1"]
[SourceVersionDate "2010.11.25"]
[SourceQuality "1"]

1. e4 c5 2. Nf3 d6 3. d4 cxd4 4. Nxd4 Nf6 5. Nc3 Nc6 6. Be2 g6 7. Be3 Bg7 8. 0-0 0-0 9. Kh1 Nxd4 10. Bxd4 a6 11. a4 b6 12. f4 Bb7 13. Bf3 Bc6 14. Qd2 b5 15. axb5 axb5 16. Rae1 Qc7 17. e5 Bxf3 18. Rxf3 b4 19. exf6 bxc3 20. Rxc3 1-0

[Event "FRA-ch U16 Girls"]
[Site "La Roche sur Yon"]
[Date "2008.04.21"]
[Round "2"]
[White "Forgues, Valerie"]
[Black "Le Bail, Arielle"]
[Result "1-0"]
[WhiteElo "1970"]
[BlackElo "1789"]
[PlyCount "69"]
[EventDate "2008.04.21"]
[EventType "swiss"]
[EventRounds "9"]
[EventCountry "FRA"]
[SourceTitle "EXT 2010"]
[Source "ChessBase"]
[SourceDate "2010.11.25"]
[SourceVersion "1"]
[SourceVersionDate "2010.11.25"]
[SourceQuality "1"]

1. e4 e6 2. d4 d5 3. Nc3 Bb4 4. Nge2 Nc6 5. a3 Ba5 6. b4 Bb6 7. exd5 exd5 8. Be3 Nge7 9. Ng3 Nf5 10. Nxf5 Bxf5 11. Bb5 0-0 12. 0-0 Ne7 13. Na4 c6 14. Nxb6 axb6 15. Be2 Bg6 16. Bg5 f6 17. Bf4 b5 18. c3 Nc8 19. a4 bxa4 20. Rxa4 Nb6 21. Rxa8 Qxa8 22. b5 Qa3 23. Qc1 Qb3 24. bxc6 bxc6 25. Re1 Ra8 26. Bd1 Qa3 27. Bg4 Qxc1 28. Rxc1 Ra2 29. h4 Rc2 30. Be6+ Kh8 31. Rb1 Re2 32. Bf5 Bxf5 33. Rxb6 Bd7 34. Be3 h6 35. Rb7 1-0

[Event "Wch U16 Girls"]
[Site "Kemer"]
[Date "2007.11.26"]
[Round "9"]
[White "Forgues, Valerie"]
[Black "Dincel, Melodi"]
[Result "1/2-1/2"]
[WhiteElo "1963"]
[BlackElo "1812"]
[PlyCount "137"]
[EventDate "2007.11.18"]
[EventType "swiss"]
[EventRounds "11"]
[EventCountry "TUR"]
[SourceTitle "CBM 121 Extra"]
[Source "ChessBase"]
[SourceDate "2008.01.10"]
[SourceVersion "1"]
[SourceVersionDate "2008.01.10"]
[SourceQuality "1"]

1. e4 e6 2. d4 d5 3. Nc3 Nf6 4. e5 Nfd7 5. f4 c5 6. Nf3 Nc6 7. Be3 cxd4 8. Nxd4 Bc5 9. Qd2 Nxd4 10. Bxd4 Bxd4 11. Qxd4 Qb6 12. Qxb6 Nxb6 13. Nb5 Ke7 14. Bd3 Bd7 15. Nd4 f6 16. Nf3 Rac8 17. 0-0-0 Kf7 18. Rde1 Nc4 19. Kb1 Nb6 20. Re2 Rce8 21. Rhe1 Re7 22. Nd4 f5 23. b3 Rc8 24. a4 g6 25. Kc1 a6 26. Re3 Na8 27. h3 Nc7 28. g4 b5 29. axb5 Bxb5 30. Kd2 Bxd3 31. Rxd3 Nb5 32. Ra1 Nxd4 33. Rxd4 Rec7 34. Ra2 Rc3 35. Rd3 R3c6 36. g5 R8c7 37. h4 Kg7 38. Rh3 Kf7 39. h5 Kg7 40. hxg6 hxg6 41. c3 Rc8 42. Ra1 Rh8 43. Rxh8 Kxh8 44. Ra4 Rb6 45. Kc2 Kg7 46. Ra5 Rc6 47. Kd3 Kf7 48. Kd4 Ke7 49. Kd3 Rb6 50. Kc2 Rc6 51. Kb2 Kd7 52. Ra1 Ke7 53. Rh1 Kf8 54. Rh7 Rb6 55. Rc7 Kg8 56. Ka3 Kf8 57. Ka4 a5 58. Rc5 d4 59. cxd4 Rb4+ 60. Kxa5 Rxb3 61. Rc4 Rf3 62. d5 exd5 63. Rd4 Ke7 64. Kb5 Ke6 65. Ra4 Rb3+ 66. Rb4 Rc3 67. Rd4 Rf3 68. Kc5 Rc3+ 69. Kb5 1/2-1/2

[Event "Pau op"]
[Site "Pau"]
[Date "2007.11.??"]
[Round "5"]
[White "Lecoq, Julien"]
[Black "Forgues, Valerie"]
[Result "1-0"]
[WhiteElo "2103"]
[BlackElo "1963"]
[PlyCount "53"]
[EventDate "2007.11.??"]
[EventType "swiss"]
[EventRounds "5"]
[EventCountry "FRA"]
[SourceTitle "CBM 121 Extra"]
[Source "ChessBase"]
[SourceDate "2008.01.10"]
[SourceVersion "1"]
[SourceVersionDate "2008.01.10"]
[SourceQuality "1"]

1. e4 e5 2. Nf3 Nc6 3. Bb5 a6 4. Ba4 Nf6 5. 0-0 Be7 6. Re1 b5 7. Bb3 0-0 8. h3 d6 9. c3 Re8 10. Ng5 Rf8 11. Nf3 Re8 12. d4 Bd7 13. Nbd2 h6 14. Nf1 Bf8 15. Ng3 Kh7 16. Bxf7 Re7 17. Bb3 Re8 18. Bf7 Re7 19. Bb3 Re8 20. dxe5 Nxe5 21. Nxe5 Rxe5 22. Bf4 Re8 23. e5 dxe5 24. Bxe5 Be7 25. Qd3+ Kh8 26. Bxf6 Bxf6 27. Bc2 1-0